Movies Quiz

Random Movies or Clickable Quiz
Score 0/10 Timer 01:30
0 Plays Today
% Correct
Heath Ledger
99.4%
James Dean
96.9%
Bruce Lee
95.5%
Brandon Lee
94.2%
Bernie Mac
91.5%
Oliver Reed
90.5%
Spencer Tracy
90.1%
John Ritter
89.5%
John Candy
89.3%
River Phoenix
88%
Remove Ads.
Support Sporcle.
Get the best of Sporcle when you Go Orange. This ad-free experience offers more features, more stats, and more fun while also helping to support Sporcle. Thank you for becoming a member.

You're not logged in!

Compare scores with friends on all Sporcle quizzes.
OR
Log In

Show Comments

Extras

Top Quizzes Today


Score Distribution

Your Account Isn't Verified!

In order to create a playlist on Sporcle, you need to verify the email address you used during registration. Go to your Sporcle Settings to finish the process.

Report this User

Report this user for behavior that violates our Community Guidelines.

Details: